TOP 10 klubów piłkarskich z każdego województwa - Statystyki

Ogólne statystyki
  • Ten quiz został rozwiązany 162 razy
  • Średni wynik to 37 z 160
Statystyki odpowiedzi
Województwo Klub Liga % Poprawnych
Mazowieckie Legia Warszawa Ekstraklasa
84%
Polonia Warszawa 1 Liga
72%
Wielkopolskie Lech Poznań Ekstraklasa
71%
Radomiak Radom Ekstraklasa
65%
Warta Poznań Ekstraklasa
65%
Wisła Płock 1 Liga
62%
Motor Lublin 1 Liga
60%
Podlaskie Jagiellonia Białystok Ekstraklasa
59%
ŁKS Łódź Ekstraklasa
59%
Łódzkie Widzew Łódź Ekstraklasa
59%
Pomorskie Lechia Gdańsk 1 Liga
58%
Śląsk Wrocław Ekstraklasa
58%
Wisła Kraków 1 Liga
58%
Zachodnio-pomorskie Pogoń Szczecin Ekstraklasa
57%
Arka Gdynia 1 Liga
55%
Małopolskie Cracovia Ekstraklasa
55%
Dolnośląskie Zagłębie Lubin Ekstraklasa
55%
Górnik Zabrze Ekstraklasa
53%
Ruch Chorzów Ekstraklasa
52%
Podkarpackie Stal Mielec Ekstraklasa
52%
Świętokrzyskie Korona Kielce Ekstraklasa
51%
GKS Katowice 1 Liga
49%
Śląskie Raków Częstochowa Ekstraklasa
49%
Opolskie Odra Opole 1 Liga
48%
Resovia Rzeszów 1 Liga
48%
Stal Rzeszów 1 Liga
48%
Znicz Pruszków 1 Liga
48%
Zawisza Bydgoszcz 3 Liga
45%
Elana Toruń 3 Liga
44%
Lubelskie Górnik Łęczna 1 Liga
44%
Miedź Legnica 1 Liga
44%
Piast Gliwice Ekstraklasa
44%
Warmińsko-mazurskie Stomil Olsztyn 2 Liga
43%
Puszcza Niepołomice Ekstraklasa
42%
KKS Kalisz 2 Liga
41%
GKS Bełchatów 3 Liga
39%
Pogoń Siedlce 2 Liga
39%
Zagłębie Sosnowiec 1 Liga
39%
GKS Tychy 1 Liga
38%
Wieczysta Kraków 3 Liga
38%
Hutnik Kraków 2 Liga
36%
Podbeskidzie Bielsko-Biała 1 Liga
36%
Lechia Zielona Góra 3 Liga
35%
Olimpia Elbląg 2 Liga
34%
Kotwica Kołobrzeg 2 Liga
33%
Chrobry Głogów 1 Liga
32%
Garbarnia Kraków 3 Liga
32%
Sandecja Nowy Sącz 2 Liga
32%
Wigry Suwałki 4 Liga
32%
Wisła Puławy 2 Liga
31%
KSZO Ostrowiec Świętokrzyski 3 Liga
29%
Stal Stalowa Wola 2 Liga
29%
Bruk-Bet Termalica Nieciecza 1 Liga
28%
Lech Poznań 2 2 Liga
26%
Legia Warszawa 2 3 Liga
26%
Kujawsko-pomorskie Olimpia Grudziądz 2 Liga
26%
Siarka Tarnobrzeg 3 Liga
26%
Chojniczanka Chojnice 2 Liga
25%
Skra Częstochowa 2 Liga
25%
Bałtyk Gdynia 4 Liga
24%
ŁKS Łomża 3 Liga
23%
Flota Świnoujście 3 Liga
22%
Avia Świdnik 3 Liga
21%
Pogoń Grodzisk Mazowiecki 3 Liga
21%
Zagłębie Lubin 2 2 Liga
21%
GKS Jastrzębie 2 Liga
20%
Karpaty Krosno 3 Liga
20%
Śląsk Wrocław 2 3 Liga
20%
Świt Szczecin 3 Liga
19%
Chełmianka Chełm 3 Liga
18%
Górnik Polkowice 3 Liga
18%
Pogoń Szczecin 2 3 Liga
18%
Wisłoka Dębica 3 Liga
18%
Gwardia Koszalin 4 Liga
17%
Jagiellonia Białystok 2 3 Liga
17%
ŁKS Łódź 2 2 Liga
17%
Ślęza Wrocław 3 Liga
17%
Warta Gorzów Wielkopolski 3 Liga
17%
Wisła Sandomierz 4 Liga
17%
Błękitni Stargard 3 Liga
16%
Stilon Gorzów Wielkopolski 3 Liga
16%
Unia Skierniewice 3 Liga
16%
Legionovia Legionowo 3 Liga
15%
MKS Kluczbork 3 Liga
15%
Olimpia Zambrów 3 Liga
15%
Polonia Środa Wielkopolska 3 Liga
15%
Radunia Stężyca 2 Liga
15%
RKS Radomsko 4 Liga
15%
Świt Nowy Dwór Mazowiecki 3 Liga
15%
Cracovia 2 Nie istnieje
14%
Lechia Tomaszów Mazowiecki 3 Liga
14%
Lubuskie Carina Gubin 3 Liga
13%
Gedania Gdańsk 3 Liga
13%
Miedź Legnica 2 4 Liga
13%
Sokół Ostróda Okręgówka
13%
Star Starachowice 3 Liga
13%
Widzew Łódź 2 4 Liga
13%
Concordia Elbląg 3 Liga
12%
Korona Kielce 2 4 Liga
12%
Orlęta Radzyń Podlaski 3 Liga
12%
Pelikan Łowicz 3 Liga
12%
Stal Brzeg 4 Liga
12%
Podlasie Biała Podlaska 3 Liga
11%
Podhale Nowy Targ 3 Liga
10%
Unia Swarzędz 3 Liga
10%
Warta Sieradz 3 Liga
10%
GKS Wikielec 3 Liga
9%
Jarota Jarocin 4 Liga
9%
Czarni Połaniec 3 Liga
8%
Jeziorak Iława 4 Liga
8%
KS Wiązownica 3 Liga
8%
ŁKS Łagów Okręgówka
8%
Odra Opole 2 4 Liga
8%
Pogoń Nowe Skalmierzyce 3 Liga
8%
Sokół Kleczew 3 Liga
8%
Vineta Wolin 3 Liga
8%
Warmia Grajewo 4 Liga
8%
Bałtyk Koszalin 4 Liga
7%
Cartusia Kartuzy 3 Liga
7%
Świdniczanka Świdnik 3 Liga
7%
Tur Bielsk Podlaski 4 Liga
7%
Noteć Czarnków 3 Liga
6%
Ruch Wysokie Mazowieckie 4 Liga
6%
Sokół Sieniawa 3 Liga
6%
Chemik Bydgoszcz 4 Liga
5%
KS Wasilków 4 Liga
5%
Mamry Giżycko 4 Liga
5%
Polonia Nysa 4 Liga
5%
Polonia Słubice 4 Liga
5%
Stolem Gniewino 3 Liga
5%
Unia Solec Kujawski 3 Liga
5%
Wda Świecie 4 Liga
5%
Wikęd Luzino 3 Liga
5%
KP Starogard Gdański 3 Liga
4%
Odra Bytom Odrzański 3 Liga
4%
Ruch Zdzieszowice 4 Liga
4%
Tomasovia Tomaszów Lubelski 4 Liga
4%
Unia Janikowo Nie istnieje
4%
Wissa Szczuczyn 4 Liga
4%
Chrobry Głogów 2 4 Liga
3%
Cosmos Nowotaniec 4 Liga
3%
Cuiavia Inowrocław 4 Liga
3%
Lubuszanin Drezdenko 4 Liga
3%
Włocłavia Włocławek 4 Liga
3%
GKS Nowiny 4 Liga
2%
Ilanka Rzepin 4 Liga
2%
Kluczevia Stargard 4 Liga
2%
MKS Gogolin 4 Liga
2%
Moravia Morawica 4 Liga
2%
Mrągowia Mrągowo 4 Liga
2%
Polonia Lidzbark Warmiński 4 Liga
2%
Tęcza Biskupiec 4 Liga
2%
Tłuchovia Tłuchowo 4 Liga
2%
GKS Rudki 4 Liga
1%
KS Lublinianka 4 Liga
1%
LZS Starowice Dolne 3 Liga
1%
Syrena Zbąszynek 4 Liga
1%
Fortuna Głogówek 4 Liga
0%
Małapanew Ozimek 4 Liga
0%
Odra Nietków 4 Liga
0%
Nie znaleziono quizów pasujących do podanych kryteriów
Rozkład punktacji
Procent ludzi z każdym wynikiem
Percentyl według liczby udzielonych odpowiedzi
Twoja historia wyników
Nie rozwiązałeś tego quizu